How psychology works : (Record no. 360173)
[ view plain ]
| 000 -LEADER | |
|---|---|
| fixed length control field | 00636nam a2200253Ia 4500 |
| 008 - FIXED-LENGTH DATA ELEMENTS--GENERAL INFORMATION | |
| fixed length control field | 181129s9999 xx 000 0 und d |
| 020 ## - INTERNATIONAL STANDARD BOOK NUMBER | |
| International Standard Book Number | 9780241317693 |
| 050 ## - LIBRARY OF CONGRESS CALL NUMBER | |
| Classification number | 150 |
| 050 ## - LIBRARY OF CONGRESS CALL NUMBER | |
| Item number | H375 2018 |
| 100 ## - MAIN ENTRY--PERSONAL NAME | |
| Personal name | Hemmings, Jo |
| 245 #0 - TITLE STATEMENT | |
| Title | How psychology works : |
| 245 #0 - TITLE STATEMENT | |
| Remainder of title | applied psychology visually explained / |
| 245 #0 - TITLE STATEMENT | |
| Statement of responsibility, etc | by Jo Hemmings. |
| 260 ## - PUBLICATION, DISTRIBUTION, ETC. (IMPRINT) | |
| Place of publication, distribution, etc | London, England : |
| 260 ## - PUBLICATION, DISTRIBUTION, ETC. (IMPRINT) | |
| Name of publisher, distributor, etc | Dorling Kindersley Limited, |
| 260 ## - PUBLICATION, DISTRIBUTION, ETC. (IMPRINT) | |
| Date of publication, distribution, etc | 2018 |
| 300 ## - PHYSICAL DESCRIPTION | |
| Extent | 255 pages : |
| 300 ## - PHYSICAL DESCRIPTION | |
| Other physical details | illustrations ; |
| 300 ## - PHYSICAL DESCRIPTION | |
| Dimensions | 24cm. |
| 650 ## - SUBJECT ADDED ENTRY--TOPICAL TERM | |
| Topical term or geographic name as entry element | Psychology -- |
| 650 ## - SUBJECT ADDED ENTRY--TOPICAL TERM | |
| Topical term or geographic name as entry element | Psychology. |
| 650 ## - SUBJECT ADDED ENTRY--TOPICAL TERM | |
| General subdivision | Popular works. |
| 700 ## - ADDED ENTRY--PERSONAL NAME | |
| Personal name | Title. |
| Withdrawn status | Lost status | Damaged status | Home library | Current library | Shelving location | Date acquired | Total Checkouts | Full call number | Barcode | Date last seen | Price effective from | Koha item type |
|---|---|---|---|---|---|---|---|---|---|---|---|---|
| Stonyhurst Southville International School (Malarayat) | Stonyhurst Southville International School (Malarayat) | 11/29/2018 | SHS 150 H375 2018 | SSISM5967 | 11/29/2018 | 11/29/2018 | Books |